All the Bitlife Achievements - Statistics

General Stats
  • This quiz has been taken 18 times
  • The average score is 30 of 282
Answer Stats
Answer % Correct
Billionaire
38%
Wealth Millionaire
38%
Octogenarian
38%
Trillionaire
38%
Admiral
31%
Longevity Complete a Life
31%
Deaf Leopard
31%
General
31%
Living Legacy
31%
Onlyfeet
31%
Zillionaire
31%
Actor
23%
Crime Cold Killer
23%
Cosa Nostra
23%
Doctor
23%
K-pop
23%
Lambo
23%
Mansion Party
23%
Mercy Me
23%
Moviegoer
23%
Multimillionaire
23%
Mummy Dearest
23%
My Second Million
23%
Naughty Child
23%
Rich
23%
Trailer Party
23%
Unicorn
23%
Adopt Don't Shop
15%
Advanced Collector
15%
All Along
15%
Amateur Collector
15%
Animal Animal Rescue
15%
Acting Baby, I'm Bollywood
15%
Bejeweled
15%
Best In Show
15%
BitBoi
15%
BitLife Legend
15%
Black Widow
15%
Bottomed Out
15%
Bravo
15%
School Brothers Forever
15%
BTLF
15%
BTS ARMY
15%
Bubonic Plague
15%
Bugatti Bandit
15%
Candywriter
15%
Centenarian
15%
Centerfold
15%
Check!
15%
Chipping in
15%
Cristiano
15%
Deep Strokes
15%
Dillinger
15%
Double Threat
15%
Earning that A
15%
Royalty Executioner
15%
Expert Collector
15%
Fertile Myrtle
15%
Fire Chief
15%
For the Hoard
15%
Goat Grabber
15%
Godfather
15%
Going Anywhere
15%
Gorilla and the Fist
15%
Holy Sh
15%
Hooker
15%
Real Estate House Hunter
15%
Hungry Hippo
15%
Island Hopper
15%
Jack Of All Trades
15%
Judge
15%
Pet Just Keep Swimming
15%
Just the Tip
15%
Lance
15%
Last Resort
15%
Lawyer
15%
Lion Tamer
15%
Long Lineage
15%
Magical Mogul
15%
Midnight Express
15%
Model Mischief
15%
Monarch
15%
Multigamist
15%
Model Naomi Who
15%
Nightmare
15%
Nomad
15%
No probllama
15%
Oui, Oui
15%
Paranightmare
15%
Quit Your Witchin
15%
Rat Spotter
15%
Real Estate Mogul
15%
Russian Roulette
15%
Say Goodbye to Hollywood
15%
Serial Killer
15%
Disease Sickly
15%
Smart Seed
15%
Smaug Could Never
15%
Stinking Rich
15%
Strong Genes
15%
Sucker
15%
Super Centenarian
15%
SuperModel
15%
Super Rich
15%
Super Sperm
15%
Swimming Star
15%
There's Always Canada
15%
Three's Company
15%
True Lifer
15%
Ultimate Betrayal
15%
Winnipeg Eh
15%
Worse than Bennifer
15%
ZAP!
15%
Absent Without Leave
8%
Addicted
8%
Aftermath
8%
Airline Captain
8%
Vehicle Antiqued
8%
Armed and Dangerous
8%
Balcony Buccaneer
8%
Bang!
8%
Begone
8%
Behind Bars
8%
Street Hustling Benevolent Beast
8%
Music Bling Bling
8%
Boo! Boooo!
8%
General Booty Call
8%
Both Hands Red
8%
Fame Brightest Star
8%
Burglar
8%
Sport Canton
8%
Car Collector
8%
Military Career Military
8%
Career CEO
8%
Cliff Diver
8%
Collaboration Sensation
8%
Co-Star Calmer
8%
Cracked
8%
Prison Cry Baby
8%
Deadpan Performance
8%
Dentist
8%
Designer Threads
8%
Diamond Anniversary
8%
Didgeridoo'er
8%
Dignified Donor
8%
D.O.A
8%
Escape Artist
8%
Eureka
8%
Everything The Light Touches
8%
Excavator
8%
Expansion
8%
Extra Leg Room
8%
Fertility Fabulously Fertile
8%
Fake It
8%
Family Planner
8%
Flamin Hot
8%
Flawless Victory
8%
Flee the Country
8%
Foam at the Mouth
8%
Frankenstein
8%
Full Ride
8%
Gangsta
8%
Giggsy
8%
Golden Anniversary
8%
Grande Dame
8%
Love Heart of the Moment
8%
Hero
8%
Horsing Around
8%
Human Dictionary
8%
Hyperthymesia
8%
Inmating
8%
Instigator
8%
It's a MIRACLE
8%
Jackpot
8%
Joint Ownership
8%
Justice
8%
Look what I Can Do - Oh
8%
Lowroller
8%
Lyrical Legend
8%
Maiden Name
8%
Markle
8%
Stock Market Martha
8%
Marvin
8%
Medieval Attack
8%
Mega Centenarian
8%
Cult MEGA Commune
8%
Moby Dick
8%
Astronaut Moon Prism Power
8%
Moves Like Jagger
8%
Entertainment Movie Junkie
8%
Napoleon
8%
Natural Selection
8%
Combat No Grasshopper
8%
Not the Yellow One
8%
Now Buy Twitter
8%
Off the Blockchain
8%
OnlyTops
8%
Pan Flute Pro
8%
Pearl Bracelet
8%
People Person
8%
Perfection
8%
Phlegmployee
8%
Player Perks
8%
Red Rum
8%
Reign Over Us
8%
Resourceful
8%
Rich Justice
8%
Riding the Bull
8%
Roswell
8%
Run Bitizen
8%
Sacrilege
8%
Scrooged
8%
Blak Market Show and Tell
8%
Skeezy
8%
Slumlord
8%
Smells Like Asscar
8%
Social Media Social Media
8%
Social Media Oversharer
8%
Social Media Sharer
8%
Social Media Star
8%
Stand Your Ground
8%
Stud
8%
Style Icon
8%
Successful Rehab
8%
Sweepstakes
8%
Taco Tuesday
8%
Secret Agent The Kingsmen
8%
The Program
8%
Thesus
8%
Titanic Trouble
8%
Tossed Salad
8%
To The Nines
8%
Try and Stop Me
8%
Unethical
8%
Wedding Planner
8%
Witchcraft
8%
You're Trippin
8%
All-Inclusive
0%
Apocalypse Later
0%
At Inner Piece
0%
Backstaber
0%
Behind These Walls
0%
Beverly Hillbillies
0%
BitLife Barbz
0%
BLTV Cribs
0%
Call of Duty
0%
Close Your Eyes
0%
Cultural Phenomenon
0%
DNA Doner
0%
Egg-celent
0%
Endoser
0%
Feeding Families
0%
Fully Loaded
0%
Gold Fingers
0%
Higher Calling
0%
House Haunters
0%
Business It's All yours
0%
Keep It Down The Hoe
0%
Lawsuit and Tie
0%
Legends Never Die
0%
License to Thrill
0%
Lord of the Land
0%
Love Guru
0%
Meals on Wheels
0%
Mission Probable
0%
Landlord New Lease, Who Dis?
0%
Nonagon
0%
Por Siempre con Amor
0%
Righteous Fury
0%
Scare to Death
0%
Sensai San
0%
Snakw Snack
0%
Spirited Away
0%
Stealth +1
0%
That's Showbiz
0%
The Immortal Ones
0%
The Nose
0%
Through the Backdoor
0%
Told You So
0%
Tooken
0%
Turning Tables
0%
Worth Diddly Squat
0%
No matching quizzes found
Score Distribution
Percent of People with Each Score
Percentile by Number Answered
Your Score History
You have not taken this quiz